000 00319nam a22001457a 4500
008 231025b ||||| |||| 00| 0 eng d
020 _a9780198539483
041 _aeng
080 _a621
082 _a621MEH
100 _a19
101 _aMEK
245 _aTHE BEAT OF A DIFFERENT DRUM
_cMEHRA .J
942 _2udc
_cBK
999 _c60471
_d60471